Ponts dans Zelda Breath of the Wild - Statistiques

Statistiques générales
  • Ce quiz a été pris 17 fois
  • Le résultat moyen est 2 sur 33
Statistiques - réponses
Ponts dans Breath of the Wild % Correct
Grand Pont de Tabanta
55%
Pont d'Ordinn
36%
Viaduc d'Hylia
27%
Pont de l'Aîné
18%
Pont d'Ingogo
18%
Pont Aquam
9%
Pont d'Arfan
9%
Pont de Churigen
9%
Pont de Cocorico
9%
Pont de Grio
9%
Pont de Prokis
9%
Pont d'Orsède
9%
Pont du Puîné
9%
Grand Pont de Laruhto
0%
Passage de Luto
0%
Pont de Caroc
0%
Pont de Faroria
0%
Pont de Jahd
0%
Pont de Kolami
0%
Pont de la Divinité Equine
0%
Pont de Manhala
0%
Pont de Misth
0%
Pont de Rebona
0%
Pont des Douves du château d'Hyrule
0%
Pont d'Helmède
0%
Pont d'Orlène
0%
Pont Eagus
0%
Pont Helmhead
0%
Pont Horwell
0%
Pont Jeddo
0%
Pont Owlan
0%
Pont Stolock
0%
Pont suspendu de Digdo
0%
Aucun quiz correspondant
Distribution des résultats
% des personnes avec chaque résultat
Percentile par nombre de réponses
Votre historique - résultats
Vous n’avez pas pris ce quiz